000 06272 a2200481 4500
005 20090120160517.0
008 090120t xxu||||| |||| 00| 0 hin d
010 _aB-293595-614, B-309506
020 _a9788190317806
_c295.00
035 _aB-309506
035 _aB-293595-614,
037 _bबैटर बुक्स
040 _adpl
_bHN
082 _a305.4
100 _aभाटिया, सुदर्शन
245 _aनारी कर्त्तव्य एवं अधिकारी /
_cसुदर्शन भाटिया
260 _aपंचकूला
_bबैटर बुक्स
_c2007
270 _a1471, सैक्टर 15
_bपंचकूला
_c(हरियाणा)
300 _a179पृ
_c22 सेमी (सजिल्द)
942 _adpl
_cHN
_k /भाटिया
_2ddc
_h305.4
_mभाटिया
999 _c12754
_d12754